| 000 | 00830nam a22002177a 4500 | ||
|---|---|---|---|
| 999 |
_c10395 _d10395 |
||
| 003 | AR-CdUCM | ||
| 008 | 190401b ||||| |||| 00| 0 spa d | ||
| 040 |
_aMUNICIPALIDAD PROVINCIAL DEL CUSCO _cBIBLIOTECA MUNICIPAL DEL CUSCO |
||
| 082 |
_a348.685 / _bF39 / 1961 |
||
| 100 |
_aFerrero, Raul _93683 |
||
| 245 |
_aDerecho del trabajo : _bsistematización / |
||
| 260 |
_aLima : _bTipografía peruana, _c1961. |
||
| 300 |
_a123 páginas ; _c25 cm. |
||
| 505 | _aContenido: Contrato de trabajo y campo de aplicación de las leyes sociales -- Garantías del trabajador -- Jornada de trabajo y descansos -- Mujeres y menores ... | ||
| 650 |
_aLeyes sociales _927226 |
||
| 650 |
_aDerechos laborales _927227 |
||
| 650 |
_aGarantías de trabajo _927228 |
||
| 700 |
_aScudellari, Carlos _927229 |
||
| 942 |
_2ddc _cLIBROS |
||
| 945 | _aacv | ||